000 00950nam a2200241 a 4500
001 74079
003 BD-RjUL
005 20211209082505.0
008 180215s2016 bg ||||| |||| 00| 0 ben d
020 _a9847012005255
_cTk. 200
035 _a(BD-RjUL)74297
040 _aBD-RjUL
_beng
_cBD-RjUL
041 _aben
082 _223
_a891.4409
_bSAP 2016
100 1 _aসাহা, সনৎকুমার
_9220180
245 1 0 _aপুরানো জানিয়া /
_cসনৎকুমার সাহা ; সম্পাদক , মুহিত হাসান
260 _aঢাকা :
_bকথা প্রকাশ ,
_c২০১৬
300 _a১৫৯ পৃ. ;
_c২২ সেমি.
650 _aবাংলা প্রবন্ধ
_vইতিহাস ও সমালোচনা
_9220181
650 _aBengali poetry
_vHistory and Criticism
_9220182
700 _aহাসান, মুহিত
_9220183
942 _2ddc
_cBK
999 _c74079
_d74079